000 00848nam a2200253 a 4500
001 000016414
005 20200929164420.0
008 100305s1982 dr a 000 0 spa d
040 _aDO-SdBNP
_bspa
_cBNPHU
082 _a616.992
_bD159d
100 1 _aDamirón Ricart, A.
_936585
245 1 0 _aDiez años de oncología /
_cA. Damirón Ricart.
260 _aSanto Domingo :
_bLibrería Dominicana,
_c1982.
300 _a224 p. :
_bil. ;
_c22 cm.
504 _aBibliografía: p. 180-181
590 _aInventariado,2018/DG
650 4 _aOncología
_936586
650 4 _aNeoplasmas de la mama
_936587
650 4 _aNeoplasmas del cuello uterino
_936588
650 4 _aNeoplasmas de los ovarios
_936589
650 4 _aLeucemia
_xTratamiento
_936590
650 4 _aEnfermedad de hodgkin
_xTratamiento
_936591
910 _aValidado. Control de calidad MFF
999 _c15949
_d15949